Top 30 : Sam Smith - Statistiques

Statistiques générales
  • Ce quiz a été pris 11 fois
  • Le résultat moyen est 10 sur 30
Statistiques - réponses
Top Titres Featuring % Correct
9 La La La Naughty Boy
78%
3 I'm Not The Only One
67%
2 Stay With Me
67%
4 Unholy Kim Petras
67%
5 Dancing With A Stranger Normani
56%
6 Latch Disclosure
56%
15 Latch - Acoustic
56%
22 Writing's On The Wall
56%
11 Fire On Fire
44%
12 Lay Me Down John Legend
44%
16 Lay Me Down
44%
7 Promises Calvin Harris
44%
24 I'm Ready Demi Lovato
33%
1 Too Good At Goodbyes
33%
19 Desire Calvin Harris
22%
13 Diamonds
22%
28 I'm Not Here To Make Friends Calvin Harris, Jessie Reyez
22%
10 Like I Can
22%
14 Money On My Mind
22%
26 My Oasis Burna Boy
22%
23 Omen Disclosure
22%
18 Have Yourself A Merry Little Christmas
11%
8 How Do You Sleep?
11%
30 How Will I Know
11%
25 Leave Your Lover
11%
17 Make It To Me
11%
27 Not In That Way
11%
29 One Last Song
11%
21 Pray
11%
20 To Die For
11%
Aucun quiz correspondant
Distribution des résultats
% des personnes avec chaque résultat
Percentile par nombre de réponses
Votre historique - résultats
Vous n’avez pas pris ce quiz